| 000 | 00699nam a2200145Ia 4500 | ||
|---|---|---|---|
| 005 | 20260209120146.0 | ||
| 008 | 260209s9999||||xx |||||||||||||| ||und|| | ||
| 100 | _aMahesha C | ||
| 245 | 0 | _aIt intermediary rules – 2021 – critical review with impact on citizen rights and economical ramifications | |
| 260 |
_aBangaloreBangalore _bNLSIU, Bangalore _c2022 |
||
| 300 | _a53 p. ; 25 cm. | ||
| 505 | _aDigital Media Digital platforms Freedom of Expression Information Technology (Intermediary guidelines and digital media ethics code) rules, 2021 | ||
| 700 | _aMs. Smitha Krishna Prasad - supervisor Ms. Smitha Krishna Prasad - supervisor | ||
| 856 | _uhttps://dans.nls.ac.in/handle/123456789/1150 | ||
| 999 |
_c217548 _d217548 |
||